<?xml version="1.0" encoding="UTF-8"?>
<record
    xmlns:xsi="http://www.w3.org/2001/XMLSchema-instance"
    xsi:schemaLocation="http://www.loc.gov/MARC21/slim http://www.loc.gov/standards/marcxml/schema/MARC21slim.xsd"
    xmlns="http://www.loc.gov/MARC21/slim">

  <leader>02131nam a22002777a 4500</leader>
  <controlfield tag="005">20240305165555.0</controlfield>
  <controlfield tag="007">cr||||   |||| </controlfield>
  <controlfield tag="008">201231s2014    br |||||s|||| 00||0 por d</controlfield>
  <datafield tag="020" ind1=" " ind2=" ">
    <subfield code="a">978-85-8248-029-8</subfield>
  </datafield>
  <datafield tag="035" ind1=" " ind2=" ">
    <subfield code="a">32487</subfield>
  </datafield>
  <datafield tag="040" ind1=" " ind2=" ">
    <subfield code="a">vLex</subfield>
  </datafield>
  <datafield tag="090" ind1=" " ind2=" ">
    <subfield code="c">11037</subfield>
    <subfield code="d">11037</subfield>
  </datafield>
  <datafield tag="100" ind1="1" ind2=" ">
    <subfield code="a">Rodrigues de Toledo, Iara</subfield>
  </datafield>
  <datafield tag="245" ind1="1" ind2="0">
    <subfield code="a">Estudos Acerca do Princ&#xED;pio da Afetividade no Direito das Fam&#xED;lias</subfield>
    <subfield code="h">[Recurso electr&#xF3;nico] /</subfield>
    <subfield code="c">Iara Rodrigues de Toledo, Sarah Caroline de Deus Pereira, Daiane Cristina da Silva Mendes</subfield>
  </datafield>
  <datafield tag="256" ind1=" " ind2=" ">
    <subfield code="a">Servicio en l&#xED;nea</subfield>
  </datafield>
  <datafield tag="260" ind1=" " ind2=" ">
    <subfield code="a">San Pablo:</subfield>
    <subfield code="b">Letras Juri&#xCC;&#x81;dicas Editora,</subfield>
    <subfield code="c">2014</subfield>
  </datafield>
  <datafield tag="300" ind1=" " ind2=" ">
    <subfield code="a">1 recurso electr&#xF3;nico</subfield>
  </datafield>
  <datafield tag="500" ind1=" " ind2=" ">
    <subfield code="a">Apraz-nos trazer &#xE0; lume os primorosos estudos sobre a Afetividade de autoria de not&#xE1;veis juristas, mestres e mestrandos, quer do Centro Universit&#xE1;rio Eur&#xED;pides de Mar&#xED;lia- UNIVEM, quer de outras ilustres Institui&#xE7;&#xF5;es convidadas, que lhe outorgam natureza jur&#xED;dica de novel Princ&#xED;pio Jur&#xED;dico estruturador do Direito das Fam&#xED;lias, conquanto estruturado como impl&#xED;cito na Constitui&#xE7;&#xE3;o Federal vigente no Cap&#xED;tulo VII da Ordem Social,intitulado Da Fam&#xED;lia, da Crian&#xE7;a, do Adolescente e do Idoso, que a modo exemplificativo, se destacam os arts.227&#xA7; 6&#xBA; que regra a igualdade entre os filhos qualquer que seja a sua origem e a ado&#xE7;&#xE3;o como escolha afetiva a justificar o plano da igualdade dos direitos (arts.227&#xA7;&#xA7; 5&#xBA; e 6&#xBA;), firmes na compreensibilidade de que em face da exist&#xEA;ncia ou enquanto existir a affectio h&#xE1; fam&#xED;lia.</subfield>
  </datafield>
  <datafield tag="506" ind1="1" ind2=" ">
    <subfield code="a">Disponible solo en los productos indicados</subfield>
    <subfield code="d">vLex Global</subfield>
    <subfield code="d">vLex Global (Academic Edition, excluding Law Schools)</subfield>
    <subfield code="d">vLex Global (U.S. Academic Edition, Law Schools)</subfield>
    <subfield code="d">vLex Global (U.S. Academic Edition, excluding Law Schools)</subfield>
    <subfield code="d">vLex Global (Academic Edition, Law Schools)</subfield>
  </datafield>
  <datafield tag="650" ind1="0" ind2="4">
    <subfield code="a">Familia y Sucesiones</subfield>
    <subfield code="z">Brasil</subfield>
  </datafield>
  <datafield tag="700" ind1="1" ind2=" ">
    <subfield code="a">Deus Pereira, Sarah Caroline de</subfield>
  </datafield>
  <datafield tag="700" ind1="1" ind2=" ">
    <subfield code="a">da Silva Mendes, Daiane Cristina</subfield>
  </datafield>
  <datafield tag="740" ind1="0" ind2=" ">
    <subfield code="a">vLex Libros (Servicio en l&#xED;nea)</subfield>
  </datafield>
  <datafield tag="856" ind1="4" ind2="0">
    <subfield code="u">https://app.vlex.com/#/sources/estudos-acerca-do-principio-da-afetividade-no-direito-das-familias-32487</subfield>
  </datafield>
  <datafield tag="942" ind1=" " ind2=" ">
    <subfield code="c">RAA</subfield>
  </datafield>
  <datafield tag="952" ind1=" " ind2=" ">
    <subfield code="0">0</subfield>
    <subfield code="1">0</subfield>
    <subfield code="4">0</subfield>
    <subfield code="7">0</subfield>
    <subfield code="8">VLEX</subfield>
    <subfield code="9">327232</subfield>
    <subfield code="a">BD-UIN</subfield>
    <subfield code="b">BD-UIN</subfield>
    <subfield code="d">2024-03-05</subfield>
    <subfield code="l">0</subfield>
    <subfield code="p">32487</subfield>
    <subfield code="r">2024-03-05</subfield>
    <subfield code="w">2024-03-05</subfield>
    <subfield code="y">RAA</subfield>
  </datafield>
  <datafield tag="999" ind1=" " ind2=" ">
    <subfield code="c">169273</subfield>
    <subfield code="d">169273</subfield>
  </datafield>
</record>
